<?xml version="1.0" encoding="UTF-8"?>
<collection xmlns="http://www.loc.gov/MARC21/slim">
 <record>
  <leader>01512nam a2200205Ia 4500</leader>
  <controlfield tag="001">TDMU_29849</controlfield>
  <controlfield tag="008">210410s9999    xx            000 0 und d</controlfield>
  <datafield tag="082" ind1=" " ind2=" ">
   <subfield code="a">657.7</subfield>
  </datafield>
  <datafield tag="090" ind1=" " ind2=" ">
   <subfield code="b">NG527</subfield>
  </datafield>
  <datafield tag="100" ind1=" " ind2=" ">
   <subfield code="a">Nguyễn, Thị Diệu Hiền</subfield>
  </datafield>
  <datafield tag="245" ind1=" " ind2="0">
   <subfield code="a">Kế toán tiêu thụ và xác định kết quả kinh doanh tại Công ty CP Clearwater Meatal VN</subfield>
  </datafield>
  <datafield tag="245" ind1=" " ind2="0">
   <subfield code="c">Nguyễn Thị Diệu Hiền; Dương Hoàng Ngọc Khuê (h.dẫn)</subfield>
  </datafield>
  <datafield tag="260" ind1=" " ind2=" ">
   <subfield code="a">Bình Dương</subfield>
  </datafield>
  <datafield tag="260" ind1=" " ind2=" ">
   <subfield code="c">2016 +02CD</subfield>
  </datafield>
  <datafield tag="300" ind1=" " ind2=" ">
   <subfield code="a">89 tr + Phụ lục</subfield>
  </datafield>
  <datafield tag="520" ind1=" " ind2=" ">
   <subfield code="a">Chuyên ngành: Kế toán; Không ý kiến về việc số hóa, sao chép tài liệu; Bìa Khóa luận ghi: Kế toán tiêu thụ và xác định kết quả kinh doanh; TM tài liệu tham khảo tr. 89; Khóa luận tốt nghiệp Đại học trường Đại học Thủ Dầu Một, 2012 - 2016; Khóa luận gồm: Cơ sở lý luận về kế toán tiêu thụ và xác định kết quả kinh doanh; thực trạng công tác kế toán tiêu thụ và xác định kết quả kinh doanh tại Công ty Cổ phần Clearwater Meatal VN; nhận xét, kiến nghị</subfield>
  </datafield>
  <datafield tag="650" ind1=" " ind2=" ">
   <subfield code="a">Khóa luận; Kế toán</subfield>
   <subfield code="x">Tiêu thụ</subfield>
   <subfield code="x">Kết quả kinh doanh</subfield>
  </datafield>
  <datafield tag="700" ind1=" " ind2=" ">
   <subfield code="a">Dương, Hoàng Ngọc Khuê</subfield>
  </datafield>
  <datafield tag="856" ind1=" " ind2=" ">
   <subfield code="u">http://lrc.tdmu.edu.vn/opac/search/detail.asp?aID=2&amp;ID=29849</subfield>
  </datafield>
  <datafield tag="980" ind1=" " ind2=" ">
   <subfield code="a">Trung tâm Học liệu Trường Đại học Thủ Dầu Một</subfield>
  </datafield>
 </record>
</collection>
